000 00265nam a2200097 4500
008 160625b xxu||||| |||| 00| 0 eng d
100 _91144
_a Rajput, J.S
245 _aExperiences in School Education
300 _aExperiences in School Education
942 _2ddc
_cBK
_eN.Y
999 _c930
_d930